000 00301nam a22001337a 4500
999 _c15290
_d15290
020 _a0-471-88352-2
082 _a631.4
_bFOT/FO
100 _aFoth, Henry D.
_92931
245 _aFundamentals of soil science
250 _a7
260 _aU.S.A
_bJohn wiley & sons
_c1984
300 _a435
942 _cBK